000 004590000a22001810004500
003 MACL
005 20160128174258.0
008 160128b xxu||||| |||| 00| 0 eng d
040 _aMACL
_cmalc
041 _aEnglish
082 _a920.72/KEL
100 _aKelley, Kitty
_935157
245 _aNancy Reagan
_bThe Unautorized Biography
260 _bBantam Books
_c1991
_aBritain
350 _a1351
650 _aBiography
_935158
942 _cBK
_k920.72/KEL
_2ddc
999 _c32779
_d32779